[Event "18th American Continental"]
[Site "Foz do Iguacu BRA"]
[Date "2025.05.24"]
[Round "3.103"]
[White "Ramirez Bentos, Ana Paula"]
[Black "Brand, Lethicia Soethe"]
[Result "0-1"]
[WhiteElo "1500"]
[BlackElo "1799"]
[WhiteFideId "3720152"]
[BlackFideId "22725458"]
[EventDate "2025.05.23"]

1. e4 e5 2. Nf3 Nc6 3. Bc4 Bc5 4. O-O d6 5. d3 h6 6. c3 Nf6 7. Re1 O-O 8. Be3
Bb6 9. Nbd2 Re8 10. Qb1 Be6 11. Bb3 Ng4 12. d4 Bxb3 13. axb3 exd4 14. Nxd4 Nxe3
15. fxe3 Ne5 16. N4f3 Ng4 17. Nc4 Qe7 18. Nxb6 axb6 19. Rxa8 Rxa8 20. Qd3 Re8
21. Nd2 Nf6 22. Qc4 Qd7 23. Rf1 Qc6 24. Qxc6 bxc6 25. Rf4 Re5 26. Kf2 g5 27. Rf3
Nxe4+ 28. Nxe4 Rxe4 29. Ke2 Re5 30. Rf1 Rb5 31. b4 c5 32. Rf5 Kg7 33. g4 c6 34.
Kd3 c4+ 35. Kd4 Rxf5 36. gxf5 Kf6 37. e4 g4 38. b5 cxb5 39. Kd5 h5 40. Kd4 h4
41. Ke3 Ke5 42. f6 h3 43. Kf2 Kf4 44. Ke2 Kxe4 45. Kf2 Kf4 46. Kg1 g3 47. hxg3+
Kxg3 48. Kh1 h2 49. b4 cxb3 50. c4 b2 51. c5 b1=Q# 0-1

[Event "18th American Continental"]
[Site "Foz do Iguacu BRA"]
[Date "2025.05.24"]
[Round "3.104"]
[White "Vaz, Vania Dora Madona"]
[Black "Bucci, Andrea Vidigal"]
[Result "0-1"]
[WhiteElo "1471"]
[BlackElo "1791"]
[WhiteFideId "22793887"]
[BlackFideId "2115921"]
[EventDate "2025.05.23"]

1. e4 e5 2. Nf3 d6 3. d4 Nd7 4. Nc3 c6 5. Be3 Be7 6. Be2 Ngf6 7. h3 O-O 8. Qd2
Qc7 9. O-O-O b5 10. Bd3 a5 11. g4 exd4 12. Nxd4 Nc5 13. f4 b4 14. Nb1 Nfxe4 15.
Qg2 d5 16. Nf5 Nxd3+ 17. Rxd3 Bxf5 18. gxf5 Nd6 19. Qg4 Qc8 20. f6 Qxg4 21. hxg4
Bxf6 22. Bc5 Rfd8 23. Rdh3 g6 24. Rxh7 Ne4 25. g5 Bg7 26. Bb6 Re8 27. Nd2 Nxd2
28. Kxd2 Bxb2 29. Kd3 Bg7 30. Bd4 Bxd4 31. Kxd4 Kf8 32. Rh8+ Ke7 33. Re1+ Kd7
34. Rhxe8 Rxe8 35. Rxe8 Kxe8 36. Kc5 Kd7 37. Kb6 Kd6 38. Kxa5 Kc5 39. Ka4 Kc4 0-1

[Event "18th American Continental"]
[Site "Foz do Iguacu BRA"]
[Date "2025.05.24"]
[Round "3.105"]
[White "Boghi, Victor Almeida"]
[Black "Noguera Delgado, Gael Eduardo"]
[Result "1-0"]
[WhiteElo "1786"]
[BlackElo "1484"]
[WhiteFideId "2179067"]
[BlackFideId "3717348"]
[EventDate "2025.05.23"]

1. Nf3 Nf6 2. g3 g6 3. Bg2 Bg7 4. O-O d6 5. d3 Nbd7 6. Nc3 O-O 7. e4 e5 8. Nd2
b6 9. f4 Bb7 10. Nf3 Re8 11. h3 a6 12. g4 c5 13. f5 Qc7 14. g5 Nh5 15. f6 Bf8
16. Qe1 c4 17. Ne2 cxd3 18. cxd3 Qc5+ 19. Kh1 Rac8 20. Ng3 Nxg3+ 21. Qxg3 Qc2
22. Ne1 Qe2 23. h4 Rc2 24. Nxc2 Qxc2 25. Rf2 Qd1+ 26. Rf1 Qe2 27. Qf3 Qc2 28.
Rf2 Qa4 29. h5 Nc5 30. hxg6 hxg6 31. Bf1 Rd8 32. Qh3 d5 33. Rh2 Bg7 34. Qh7+ Kf8
35. Qxg7+ Ke8 36. Rh8+ Kd7 37. Qxf7+ Kc6 38. Rxd8 Qd1 39. Qxd5+ Kb5 40. a4+ Kb4
41. Qc4+ Ka5 42. Qc3# 1-0

[Event "18th American Continental"]
[Site "Foz do Iguacu BRA"]
[Date "2025.05.25"]
[Round "4.7"]
[White "Baules Rodriguez, Jorge Luis"]
[Black "Cardoso Cardoso, Jose Gabriel"]
[Result "1/2-1/2"]
[WhiteTitle "IM"]
[BlackTitle "GM"]
[WhiteElo "2257"]
[BlackElo "2516"]
[WhiteFideId "6600247"]
[BlackFideId "4430492"]
[EventDate "2025.05.23"]

1. d4 Nf6 2. c4 e6 3. Nf3 d5 4. g3 Bb4+ 5. Bd2 Be7 6. Bg2 O-O 7. O-O c6 8. Qc2
Nbd7 9. Rd1 a5 10. b3 b6 11. Bc3 Bb7 12. Nbd2 c5 13. Ne5 Rc8 14. Nxd7 Nxd7 15.
dxc5 Rxc5 16. cxd5 Bxd5 17. Bxd5 Rxd5 18. Nc4 Bf6 19. e4 Rxd1+ 20. Rxd1 Qc7 21.
Qd2 Ne5 22. Bxe5 Bxe5 23. Qg5 Bc3 24. Qb5 Qb7 25. Nd6 Qb8 26. Nc4 Qa8 27. Qxb6
Qxe4 28. Rd8 Qe1+ 29. Kg2 Qe4+ 30. Kg1 Qe1+ 31. Kg2 Qe4+ 1/2-1/2

[Event "18th American Continental"]
[Site "Foz do Iguacu BRA"]
[Date "2025.05.25"]
[Round "4.9"]
[White "Melian, Juan Sebastian"]
[Black "Bachmann, Axel"]
[Result "0-1"]
[WhiteTitle "FM"]
[BlackTitle "GM"]
[WhiteElo "2358"]
[BlackElo "2570"]
[WhiteFideId "3706575"]
[BlackFideId "3700488"]
[EventDate "2025.05.23"]

1. e4 Nc6 2. Nf3 d6 3. d4 Nf6 4. Nc3 g6 5. h3 Bg7 6. Be3 O-O 7. Qd2 e5 8. dxe5
dxe5 9. O-O-O Qe7 10. Bc4 Be6 11. Qe2 Na5 12. Bxe6 Qxe6 13. Kb1 Nc4 14. Bc5 Rfc8
15. Ng5 Qa6 16. b3 b6 17. Be7 Na3+ 18. Bxa3 Qxa3 19. Qc4 Qe7 20. Qc6 Rd8 21. Nf3
Bf8 22. Rxd8 Rxd8 23. Rd1 Rxd1+ 24. Nxd1 Kg7 25. c3 a5 26. Nd2 Qc5 27. Qxc5 Bxc5
28. Kc2 Kf8 29. Kd3 Ke7 30. a4 Ke6 31. g3 Nd7 32. Ne3 Bf8 33. Nd5 c6 34. Ne3 b5
35. axb5 cxb5 36. f3 Nc5+ 37. Kc2 Bh6 38. Nd5 Bxd2 39. Kxd2 Nxb3+ 40. Kc2 a4 41.
Nc7+ Kd6 42. Nxb5+ Kc6 43. Na3 Kc5 44. f4 f6 45. fxe5 fxe5 46. Kd3 Na5 47. Nc2
Nc4 48. Nb4 Nd6 49. Nc2 g5 50. h4 gxh4 51. gxh4 h5 52. Nb4 a3 53. Kc2 Nxe4 54.
Nd3+ Kd6 55. c4 Nc5 56. Nb4 e4 57. Kd2 Nd3 58. Nc2 a2 59. Ke3 Nb4 60. Na1 Kc5 0-1

[Event "18th American Continental"]
[Site "Foz do Iguacu BRA"]
[Date "2025.05.25"]
[Round "4.12"]
[White "Quintiliano, Renato R."]
[Black "Lopez Rayo, Santiago"]
[Result "1/2-1/2"]
[WhiteTitle "GM"]
[BlackTitle "FM"]
[WhiteElo "2511"]
[BlackElo "2282"]
[WhiteFideId "2117568"]
[BlackFideId "4455665"]
[EventDate "2025.05.23"]

1. d4 Nf6 2. c4 e6 3. Nc3 Bb4 4. e3 O-O 5. Bd3 d5 6. a3 Bxc3+ 7. bxc3 dxc4 8.
Bxc4 c5 9. Ne2 Qc7 10. Bd3 Nc6 11. O-O e5 12. Ng3 Kh8 13. f4 exd4 14. cxd4 cxd4
15. e4 Bg4 16. Qc2 Rac8 17. h3 Be6 18. Bd2 Qe7 19. Qb1 Qc7 20. e5 Nd5 21. Ne4
Ne3 22. Re1 Nxe5 23. fxe5 Qxe5 24. Qb2 Nxg2 25. Kxg2 Bd5 26. Rac1 f5 27. Rxc8
Rxc8 28. Qb1 Re8 29. Qb5 fxe4 30. Bc4 Bxc4 31. Qxc4 e3 32. Bc1 Qe4+ 33. Kg1 Qf3
34. Re2 h6 35. Bb2 Qg3+ 36. Rg2 e2 37. Rxg3 e1=Q+ 38. Kh2 Qf2+ 39. Rg2 Qf4+ 40.
Rg3 Qf2+ 41. Rg2 Qf4+ 42. Rg3 Qf2+ 43. Rg2 1/2-1/2

[Event "18th American Continental"]
[Site "Foz do Iguacu BRA"]
[Date "2025.05.25"]
[Round "4.13"]
[White "Matsuura, Everaldo"]
[Black "Hardaway, Brewington"]
[Result "1/2-1/2"]
[WhiteTitle "GM"]
[BlackTitle "GM"]
[WhiteElo "2354"]
[BlackElo "2502"]
[WhiteFideId "2100169"]
[BlackFideId "30941849"]
[EventDate "2025.05.23"]

1. d4 d5 2. c4 e6 3. Nc3 Nf6 4. Bg5 Be7 5. e3 c6 6. Nf3 O-O 7. Rc1 Nbd7 8. Qc2
h6 9. Bf4 Nh5 10. Be5 Nxe5 11. dxe5 g6 12. Bd3 Ng7 13. O-O b6 14. Rfd1 Qe8 15.
h3 Bb7 16. cxd5 exd5 17. e4 d4 18. Nxd4 Bg5 19. Rb1 Bf4 20. Nf3 Bxe5 21. Nxe5
Qxe5 22. Qd2 g5 23. Bc4 Ne6 24. Qd7 Rab8 25. Bxe6 fxe6 26. Rd6 Rbe8 27. Rbd1 Qg7
28. Qxg7+ Kxg7 29. e5 Re7 30. Ne4 c5 31. Nf6 Kg6 32. g4 Rxf6 33. exf6 Kxf6 34.
Kh2 Bf3 35. R1d2 c4 36. Kg3 Be4 37. Rd7 Bd5 38. Rxe7 Kxe7 39. f4 Kf6 40. fxg5+
hxg5 41. h4 gxh4+ 42. Kxh4 b5 43. g5+ Kg7 44. Kg4 a5 45. Kf4 b4 1/2-1/2

[Event "18th American Continental"]
[Site "Foz do Iguacu BRA"]
[Date "2025.05.25"]
[Round "4.32"]
[White "Casalaspro, Mathias Andre"]
[Black "Brizzi, Milagros Tatiana"]
[Result "1/2-1/2"]
[WhiteTitle "FM"]
[BlackTitle "WIM"]
[WhiteElo "2319"]
[BlackElo "2152"]
[WhiteFideId "22772626"]
[BlackFideId "128350"]
[EventDate "2025.05.23"]

1. e4 c6 2. d4 d5 3. f3 dxe4 4. fxe4 e5 5. Nf3 Bg4 6. c3 Nd7 7. Be2 Bd6 8. Nbd2
b5 9. a4 a6 10. axb5 axb5 11. Rxa8 Qxa8 12. dxe5 Nxe5 13. Nc4 Nxc4 14. Bxc4 bxc4
15. Qxd6 Ne7 16. Ne5 Be6 17. Rf1 c5 18. Rf4 g5 19. Rf2 Qxe4+ 20. Re2 Qb1 21. Kd1
Qf5 22. Ke1 Qb1 23. Kd1 Qf5 24. g4 Qf1+ 25. Kd2 Qf6 26. Ke1 h5 27. Be3 hxg4 28.
Rf2 Qg7 29. Qb8+ Bc8 30. Bxc5 O-O 31. Bxe7 Re8 32. Bf6 Qh7 33. Qd6 g3 34. hxg3
Bg4 35. Rd2 Qh1+ 36. Kf2 Qh2+ 37. Ke3 Qg1+ 38. Ke4 Qe1+ 39. Kd5 Qxd2+ 40. Kc5
Qxd6+ 41. Kxd6 Re6+ 42. Kd5 Bh3 43. Nd7 Re2 44. Ne5 Be6+ 45. Kd4 Rxb2 46. Bxg5
Rb5 47. Bf6 Rd5+ 48. Ke4 Rd1 49. g4 Re1+ 50. Kd4 Rd1+ 51. Kc5 Rf1 52. g5 Rf4 53.
Kb6 Kh7 54. Kb5 Rf5 55. Kb4 Rf1 56. Kc5 Re1 57. Kb5 Rf1 58. Kb4 Re1 59. Kc5 Rf1
60. Kd6 Kg8 1/2-1/2

[Event "18th American Continental"]
[Site "Foz do Iguacu BRA"]
[Date "2025.05.25"]
[Round "4.33"]
[White "Pironti, Francisco Ferrari"]
[Black "Valdes Escobar, Alvaro"]
[Result "0-1"]
[BlackTitle "IM"]
[WhiteElo "2100"]
[BlackElo "2317"]
[WhiteFideId "22782311"]
[BlackFideId "3405451"]
[EventDate "2025.05.23"]

1. e4 c5 2. Nf3 d6 3. Bb5+ Nd7 4. O-O a6 5. Bxd7+ Bxd7 6. c3 Nf6 7. Re1 Bc6 8.
e5 dxe5 9. Nxe5 Qd5 10. Nxc6 Qxc6 11. d4 Rd8 12. Bf4 e6 13. Qd3 Be7 14. Nd2 cxd4
15. cxd4 O-O 16. Nf3 Rc8 17. Rac1 Qd5 18. a3 Rfd8 19. h3 b5 20. Qd2 Qb7 21. Ne5
Nd5 22. Nd3 Nxf4 23. Nxf4 Rxc1 24. Rxc1 e5 25. Nd3 Rxd4 26. Qc3 f6 27. Nc5 Bxc5
28. Qxc5 h6 29. Qc6 Rd1+ 30. Kh2 Qxc6 31. Rxc6 Rd2 32. b4 Rxf2 33. Rxa6 Ra2 34.
Ra5 Kf7 35. Rxb5 Rxa3 36. Rb7+ Kg6 37. b5 h5 38. Kg1 Ra2 39. Kh2 h4 40. Kg1 Rb2
41. b6 f5 42. Kf1 e4 43. Kg1 Kf6 44. Rb8 Kg5 0-1

[Event "18th American Continental"]
[Site "Foz do Iguacu BRA"]
[Date "2025.05.25"]
[Round "4.34"]
[White "Caceres Benitez, Arturo Eduardo"]
[Black "Borges, Guilherme Deola"]
[Result "1-0"]
[WhiteTitle "FM"]
[WhiteElo "2313"]
[BlackElo "2141"]
[WhiteFideId "3710769"]
[BlackFideId "2109085"]
[EventDate "2025.05.23"]

1. e4 c5 2. Nf3 e6 3. d4 cxd4 4. Nxd4 Nf6 5. Nc3 d6 6. Be3 Nc6 7. f4 Be7 8. Qf3
Nxd4 9. Bxd4 O-O 10. O-O-O Qa5 11. e5 dxe5 12. fxe5 Nd5 13. Bc4 Nxc3 14. Bxc3
Qc7 15. Qe4 Bd7 16. Bd3 g6 17. h4 Bc6 18. Qg4 h5 19. Qf4 Rfd8 20. Rhf1 Bf8 21.
g4 Rxd3 22. cxd3 b5 23. Kb1 b4 24. Bxb4 hxg4 25. Bxf8 Rxf8 26. Rc1 Qd7 27. Qxg4
Qxd3+ 28. Ka1 Bd5 29. h5 Bxa2 30. hxg6 f5 31. Qh5 1-0

[Event "18th American Continental"]
[Site "Foz do Iguacu BRA"]
[Date "2025.05.25"]
[Round "4.35"]
[White "Acosta, Franco Emanuel"]
[Black "Tomiello, Lucas Costamilan"]
[Result "0-1"]
[BlackTitle "FM"]
[WhiteElo "2075"]
[BlackElo "2308"]
[WhiteFideId "130265"]
[BlackFideId "22701940"]
[EventDate "2025.05.23"]

1. d4 Nf6 2. Bf4 d5 3. e3 c5 4. dxc5 Nc6 5. Bb5 a6 6. Bxc6+ bxc6 7. Nc3 Nd7 8.
e4 e5 9. Bg3 d4 10. Na4 Qa5+ 11. c3 dxc3 12. Nxc3 Nxc5 13. Bxe5 Be6 14. Qb1 Bc4
15. Bd4 Nd3+ 16. Kd2 Rd8 17. Ne2 Qg5+ 18. f4 Nxf4 19. Qg1 Nxe2+ 0-1

[Event "18th American Continental"]
[Site "Foz do Iguacu BRA"]
[Date "2025.05.25"]
[Round "4.36"]
[White "Reyes Zavaleta, Fabian Ricardo"]
[Black "Dauer, Andre Leonardo"]
[Result "1-0"]
[WhiteTitle "FM"]
[BlackTitle "CM"]
[WhiteElo "2299"]
[BlackElo "2138"]
[WhiteFideId "3844153"]
[BlackFideId "2126915"]
[EventDate "2025.05.23"]

1. d4 d5 2. c4 e6 3. Nf3 c6 4. g3 Bd6 5. Bg2 f5 6. O-O Nf6 7. Qc2 O-O 8. Bf4
Bxf4 9. gxf4 Ne4 10. e3 Nd7 11. Ne5 g5 12. fxg5 Nxe5 13. dxe5 Qxg5 14. f4 Qh4
15. Bxe4 fxe4 16. Qf2 Qh6 17. Kh1 Bd7 18. Nd2 Be8 19. cxd5 cxd5 20. Nb3 Rc8 21.
Rac1 Bd7 22. Nd4 Kh8 23. Rg1 a6 24. Rxc8 Rxc8 25. Qg3 Qf8 26. f5 Rc7 27. f6 Be8
28. Nf5 exf5 29. e6 f4 30. e7 Rxe7 31. fxe7 1-0

[Event "18th American Continental"]
[Site "Foz do Iguacu BRA"]
[Date "2025.05.25"]
[Round "4.37"]
[White "Piccoli, Lucas Fonseca"]
[Black "Souza Neves, Andrey M."]
[Result "1-0"]
[BlackTitle "FM"]
[WhiteElo "2284"]
[BlackElo "2138"]
[WhiteFideId "2190788"]
[BlackFideId "2101815"]
[EventDate "2025.05.23"]

1. e4 c6 2. d4 d5 3. e5 Bf5 4. h4 h5 5. Bd3 Bxd3 6. Qxd3 Qa5+ 7. Nd2 e6 8. Nf3
Nh6 9. O-O Nf5 10. Nb3 Qa6 11. Qd1 Be7 12. g3 Nd7 13. Bg5 f6 14. Bf4 O-O-O 15.
exf6 gxf6 16. Re1 c5 17. c3 c4 18. Nbd2 e5 19. dxe5 Nc5 20. exf6 Bxf6 21. Ne5
Bxe5 22. Rxe5 Qg6 23. Nxc4 Ne6 24. Ne3 Nxh4 25. Rxe6 Qxe6 26. gxh4 Qh3 27. Bg3
Rhg8 28. Ng2 Qg4 29. Qd3 Qe4 30. Qb5 Qc4 31. Qa5 a6 32. Qb6 Qc6 33. Qd4 Rde8 34.
Rd1 Re4 35. Qa7 Rge8 36. Ne3 d4 37. Rxd4 Rxd4 38. cxd4 Kd7 39. d5 Qc1+ 40. Kg2
Qxb2 41. Qc5 Rc8 42. Qd6+ Ke8 43. Qe6+ Kd8 44. Nf5 1-0

[Event "18th American Continental"]
[Site "Foz do Iguacu BRA"]
[Date "2025.05.25"]
[Round "4.38"]
[White "Asprelli, Gaspar"]
[Black "Souza, Rafael Cabral De"]
[Result "1-0"]
[WhiteElo "2279"]
[BlackElo "2122"]
[WhiteFideId "165891"]
[BlackFideId "2124068"]
[EventDate "2025.05.23"]

1. e4 Nc6 2. d4 d6 3. h3 Nf6 4. Nc3 g6 5. Nf3 Bg7 6. Bg5 a6 7. a4 b6 8. Bc4 h6
9. Be3 e6 10. Qd2 Bb7 11. d5 exd5 12. exd5 Ne7 13. O-O Kf8 14. Rfe1 Kg8 15. Re2
Kh7 16. Rae1 b5 17. axb5 axb5 18. Bd4 bxc4 19. Rxe7 Rf8 20. Qf4 Nh5 21. Qh4 Bxd4
22. Nxd4 Ng7 23. Ne4 f5 24. Ng5+ 1-0

[Event "18th American Continental"]
[Site "Foz do Iguacu BRA"]
[Date "2025.05.25"]
[Round "4.39"]
[White "Silva, Caio Henrique Angelico"]
[Black "Buganca, Luiz Henrique Da Silva"]
[Result "1/2-1/2"]
[BlackTitle "CM"]
[WhiteElo "2261"]
[BlackElo "2114"]
[WhiteFideId "22777210"]
[BlackFideId "2182289"]
[EventDate "2025.05.23"]

1. Nf3 d5 2. g3 Nf6 3. Bg2 e6 4. d4 Be7 5. c4 O-O 6. O-O dxc4 7. Qc2 a6 8. a4
Bd7 9. Qxc4 Bc6 10. Bg5 Bd5 11. Qc2 Be4 12. Qc1 Nc6 13. e3 h6 14. Bxf6 Bxf6 15.
Nc3 Bh7 16. Nd2 e5 17. dxe5 Nxe5 18. Nce4 c6 19. Nc4 Qe7 20. Nxf6+ Qxf6 21. Nxe5 1/2-1/2

[Event "18th American Continental"]
[Site "Foz do Iguacu BRA"]
[Date "2025.05.25"]
[Round "4.40"]
[White "De Oliveira, Yuri Garcia"]
[Black "Lujan, Carolina"]
[Result "0-1"]
[BlackTitle "IM"]
[WhiteElo "2001"]
[BlackElo "2259"]
[WhiteFideId "22762000"]
[BlackFideId "109878"]
[EventDate "2025.05.23"]

1. c4 e6 2. Nf3 d5 3. g3 Nf6 4. Bg2 Be7 5. O-O O-O 6. d4 c6 7. b3 b6 8. Bb2 Bb7
9. Nc3 Nbd7 10. Qc2 Qc7 11. e4 dxe4 12. Nxe4 Nxe4 13. Qxe4 c5 14. Qe2 Rfe8 15.
Rfd1 Rad8 16. Ne5 Bxg2 17. Kxg2 Qb7+ 18. Qf3 Qxf3+ 19. Kxf3 Bf6 20. Ke4 cxd4 21.
Bxd4 Bxe5 22. Bxe5 f5+ 23. Kd4 Nf6+ 24. Kc3 Ne4+ 25. Kb4 Nxf2 26. Rxd8 Rxd8 27.
Kb5 Nd3 28. Bc7 Rc8 29. Kc6 Nc5 30. Rd1 f4 31. Rd8+ Rxd8 0-1

[Event "18th American Continental"]
[Site "Foz do Iguacu BRA"]
[Date "2025.05.25"]
[Round "4.41"]
[White "Silva, Kaua Marques"]
[Black "Garmendia Vega, Gabriel"]
[Result "1-0"]
[WhiteTitle "FM"]
[BlackTitle "CM"]
[WhiteElo "2254"]
[BlackElo "2100"]
[WhiteFideId "22701168"]
[BlackFideId "3414361"]
[EventDate "2025.05.23"]

1. e4 e5 2. Nf3 Nc6 3. Nc3 Nf6 4. h3 d5 5. exd5 Nxd5 6. Bb5 Nxc3 7. bxc3 Bd6 8.
d4 exd4 9. O-O O-O 10. cxd4 Bf5 11. Bg5 Be7 12. Bxc6 bxc6 13. Bxe7 Qxe7 14. Re1
Qf6 15. Re5 Rfd8 16. Qe2 h6 17. Re1 Be6 18. c4 Rab8 19. Ra5 Rb4 20. Ne5 Rxd4 21.
Nxc6 Rbxc4 22. Nxd4 Qxd4 23. Rd1 Qb6 24. Re5 c5 25. Qf3 Rd4 26. Qa8+ Kh7 27.
Rxd4 cxd4 28. Qe4+ g6 29. Qc2 Qd6 30. Rb5 d3 31. Qd2 Bc4 32. Rb2 Qd4 33. Rb1 Qd5
34. Rb8 Qe5 35. Qb2 Qxb2 36. Rxb2 Kg7 37. f3 Kf6 38. Kf2 Ke5 39. Ke3 a6 40. Rb6
Bxa2 41. Kxd3 Kf4 42. Rxa6 Be6 43. Rb6 Kg3 44. Rb2 Bc8 45. Ra2 Be6 46. Rd2 Bc8
47. Rc2 Be6 48. Ke3 1-0

[Event "18th American Continental"]
[Site "Foz do Iguacu BRA"]
[Date "2025.05.25"]
[Round "4.42"]
[White "Larrea, Manuel"]
[Black "Gonzalez Culi, Diego"]
[Result "1-0"]
[WhiteTitle "FM"]
[WhiteElo "2246"]
[BlackElo "2099"]
[WhiteFideId "3000508"]
[BlackFideId "3409520"]
[EventDate "2025.05.23"]

1. e4 e6 2. d4 d5 3. Nc3 Nf6 4. e5 Nfd7 5. f4 c5 6. Nf3 Nc6 7. Be3 a6 8. Qd2 b5
9. Be2 Be7 10. O-O O-O 11. Nd1 b4 12. c3 a5 13. Nf2 bxc3 14. bxc3 Ba6 15. Nd3
cxd4 16. Bxd4 Nb6 17. Qe3 Rb8 18. Qf2 Nc4 19. Rae1 Nxd4 20. cxd4 Nb2 21. Nc5
Bxe2 22. Rxe2 Nc4 23. Nd3 Qd7 24. g4 Rb6 25. Nh4 f5 26. exf6 Bxf6 27. Nf3 e5 28.
dxe5 Qxg4+ 29. Kh1 Bd8 30. Qd4 Rb5 31. Rg2 Qf5 32. a4 Bb6 33. Qc3 Ne3 34. axb5
Nxf1 35. e6 g6 36. e7 Re8 37. Qc6 Kf7 38. Nde5+ Kxe7 39. Qb7+ 1-0

[Event "18th American Continental"]
[Site "Foz do Iguacu BRA"]
[Date "2025.05.25"]
[Round "4.43"]
[White "Arias Diaz, Javier Alonso"]
[Black "Aguinaga, Maximiliano"]
[Result "1-0"]
[WhiteElo "1962"]
[BlackElo "2226"]
[WhiteFideId "3441318"]
[BlackFideId "119300"]
[EventDate "2025.05.23"]

1. d4 Nf6 2. c4 g6 3. Nc3 Bg7 4. e4 d6 5. h3 Nbd7 6. Bg5 h6 7. Be3 e5 8. d5 Nc5
9. f3 h5 10. Qd2 h4 11. Bg5 Bf8 12. O-O-O Be7 13. Be3 Nh5 14. Nge2 Bd7 15. Rg1
f5 16. Kb1 a6 17. Nc1 O-O 18. Bxc5 dxc5 19. exf5 Bxf5+ 20. Bd3 Ng3 21. N1e2 Bg5
22. Qc2 Qd7 23. Nxg3 hxg3 24. Ne4 Be7 25. Nxg3 b5 26. Nxf5 gxf5 27. g4 f4 28.
Bf5 Qe8 29. Be6+ Kg7 30. Qe4 Bd6 31. h4 bxc4 32. h5 Rh8 33. Qf5 Qe7 34. Qg6+ Kf8
35. g5 e4 36. Qf5+ Ke8 37. g6 Qg7 38. Qf7+ Qxf7 39. Bxf7+ Ke7 40. Be6 Be5 41. g7
Rhb8 42. Rd2 c3 43. Rc2 Rxb2+ 44. Rxb2 cxb2 45. g8=Q Rxg8 46. Bxg8 e3 47. Bh7 c4
48. Kc2 Bd4 49. Be4 Kd6 50. h6 c3 51. h7 Bh8 52. Bd3 Kxd5 53. Rg8 Kd4 54. Rd8+ 1-0

[Event "18th American Continental"]
[Site "Foz do Iguacu BRA"]
[Date "2025.05.25"]
[Round "4.44"]
[White "Barrera Caicedo, Hubert"]
[Black "Toniutti, Ezio"]
[Result "1/2-1/2"]
[BlackTitle "FM"]
[WhiteElo "1910"]
[BlackElo "2215"]
[WhiteFideId "3908062"]
[BlackFideId "113034"]
[EventDate "2025.05.23"]

1. e4 e5 2. Nf3 Nc6 3. d4 exd4 4. Bc4 Nf6 5. e5 d5 6. Bb5 Ne4 7. Nxd4 Bc5 8. Be3
O-O 9. Nxc6 bxc6 10. Bxc5 Nxc5 11. Bxc6 Rb8 12. Qxd5 Qe7 13. O-O Rxb2 14. Na3
Rd8 15. Qf3 Be6 16. h3 Nd3 17. Rfd1 Nxe5 18. Qc3 Rb6 19. Be4 Ng6 20. Nc4 Bxc4
21. Rxd8+ Qxd8 22. Bxg6 hxg6 1/2-1/2

[Event "18th American Continental"]
[Site "Foz do Iguacu BRA"]
[Date "2025.05.25"]
[Round "4.45"]
[White "Pires, Marcos Vinicius Torsani"]
[Black "Jodorcovsky, Alejandro David"]
[Result "1-0"]
[WhiteTitle "FM"]
[BlackTitle "CM"]
[WhiteElo "2204"]
[BlackElo "2022"]
[WhiteFideId "2118939"]
[BlackFideId "3705625"]
[EventDate "2025.05.23"]

1. d4 d5 2. Nf3 Nf6 3. g3 e6 4. Bg2 c5 5. O-O Nc6 6. c4 dxc4 7. Ne5 Bd7 8. Na3
cxd4 9. Naxc4 Qc7 10. Nxc6 Bxc6 11. Bf4 Qd8 12. Bxc6+ bxc6 13. Qa4 Rc8 14. Qxa7
Be7 15. Rfd1 c5 16. Qa4+ Qd7 17. Qxd7+ Nxd7 18. a4 g5 19. Bd2 O-O 20. a5 Rc6 21.
Ra3 Ra6 22. Rc1 Rb8 23. Kg2 Kg7 24. h4 h6 25. hxg5 hxg5 26. Rh1 Kg6 27. g4 f5
28. gxf5+ exf5 29. Rah3 Bf8 30. Rh7 Bg7 31. Bxg5 Rb4 32. b3 Nf8 33. R7h5 Ne6 34.
Bh6 Rxb3 35. Bd2 Rb8 36. R5h3 Kf7 37. Rf3 Kg6 38. Rg3+ Kf6 39. Rh5 Rb4 40. Bxb4
Nf4+ 41. Kf3 Nxh5 42. Rh3 cxb4 43. Rxh5 Rc6 44. Nb2 Rc5 45. Nd3 Rxa5 46. Nxb4
Kg6 47. Rh1 Re5 48. Nd3 Re4 49. Ra1 1-0

[Event "18th American Continental"]
[Site "Foz do Iguacu BRA"]
[Date "2025.05.25"]
[Round "4.46"]
[White "Britez, G Jorge A"]
[Black "Nemeth Junior, Henrique"]
[Result "0-1"]
[WhiteElo "1764"]
[BlackElo "2189"]
[WhiteFideId "3700585"]
[BlackFideId "2118815"]
[EventDate "2025.05.23"]

1. e4 c5 2. Nf3 d6 3. d4 cxd4 4. Nxd4 Nf6 5. Nc3 a6 6. f4 e5 7. Nf3 Nbd7 8. Bd3
Be7 9. O-O O-O 10. a4 exf4 11. a5 b5 12. Bxf4 Nc5 13. b4 Nxd3 14. cxd3 Bg4 15.
h3 Be6 16. Nd4 Rc8 17. Rc1 Qd7 18. Qf3 h6 19. Nd5 Bxd5 20. exd5 Rxc1 21. Rxc1
Rc8 22. Nc6 Bf8 23. Bxh6 Nxd5 24. Qxd5 gxh6 25. Rc2 Re8 26. Rf2 Bg7 27. Rf4 Re1+
28. Rf1 Re3 29. Rf4 Rg3 30. Rg4 Rxg4 31. hxg4 Bc3 32. Qe4 Kf8 33. Qd5 Kg7 34.
Kh2 Qxg4 35. Qxd6 Qh4+ 36. Kg1 Qe1+ 37. Kh2 Qh4+ 38. Kg1 Bf6 39. d4 h5 40. Ne5
Bg5 41. Nf3 Be3+ 0-1

[Event "18th American Continental"]
[Site "Foz do Iguacu BRA"]
[Date "2025.05.25"]
[Round "4.47"]
[White "Mayta Aiza, Maveric"]
[Black "El Zwei, Aiman Mohamed"]
[Result "1-0"]
[WhiteTitle "CM"]
[WhiteElo "2184"]
[BlackElo "1980"]
[WhiteFideId "3307336"]
[BlackFideId "44733909"]
[EventDate "2025.05.23"]

1. e4 e5 2. Nf3 Nc6 3. Bb5 a6 4. Ba4 Nf6 5. O-O b5 6. Bb3 Bc5 7. c3 d6 8. d4 Bb6
9. h3 O-O 10. Re1 h6 11. a4 Rb8 12. axb5 axb5 13. Qd3 Bd7 14. Nbd2 Re8 15. Nf1
Na5 16. Bc2 c5 17. d5 c4 18. Qe2 Nb7 19. Ng3 Bc5 20. Bd2 Rc8 21. Rf1 Nh7 22. Kh1
Nf8 23. Nh2 Ng6 24. Nh5 Qe7 25. Qf3 Ra8 26. Rab1 Na5 27. Ng4 Bxg4 28. Qxg4 Qh4
29. Qf3 Nb3 30. Bxb3 cxb3 31. Ng3 Nf4 32. Nf5 Qh5 33. Qxh5 Nxh5 34. Be3 Bxe3 35.
Nxe3 Ra4 36. Nf5 Rd8 37. Rfe1 g6 38. Nxh6+ Kg7 39. Ng4 Rda8 40. g3 Rc4 41. Kg2
Raa4 42. Ne3 Rxe4 43. f3 Rxe3 44. Rxe3 Nf6 45. Rd1 Ra2 46. Rd2 Nd7 47. Re4 Nc5
48. Rb4 Ra5 49. Kf2 f5 50. Ke3 Kf6 51. h4 Ke7 52. Rh2 e4 53. g4 f4+ 54. Kxf4
Nd3+ 55. Kxe4 Nxb4 56. cxb4 Ra4 57. Kd3 Rxb4 58. Kc3 Rf4 59. Rh3 Kf6 60. Kxb3
Rd4 61. h5 gxh5 62. Rxh5 Rd3+ 63. Kb4 Kg6 64. Rf5 Rd2 65. Kxb5 Rxb2+ 1-0